American business concerns, educational and philanthropile institutions in India: directory (Record no. 501717)

000 -LEADER
fixed length control field 00436cam a22001217a 4500
008 - FIXED-LENGTH DATA ELEMENTS--GENERAL INFORMATION
fixed length control field 180718b1967 xxu||||| |||| 00| 0 eng d
082 ## - DEWEY DECIMAL CLASSIFICATION NUMBER
Classification number T309x73 Am35
245 ## - TITLE STATEMENT
Title American business concerns, educational and philanthropile institutions in India: directory
Statement of responsibility, etc. by American Business Concerns
260 ## - PUBLICATION, DISTRIBUTION, ETC.
Place of publication, distribution, etc. New Delhi
Name of publisher, distributor, etc. American Embasy
Date of publication, distribution, etc. 1967
300 ## - PHYSICAL DESCRIPTION
Extent 127p.
650 ## - SUBJECT ADDED ENTRY--TOPICAL TERM
Topical term or geographic name entry element American business --Concerns
700 ## - ADDED ENTRY--PERSONAL NAME
Personal name American Business Concerns
Holdings
Withdrawn status Lost status Damaged status Not for loan Permanent Location Current Location Date acquired Full call number Barcode Date last seen Price effective from Koha item type
        Indian Institute of Public Administration Indian Institute of Public Administration 2018-08-04 T309x73 Am35 GR8005 2018-08-04 2018-08-04 GR

Powered by Koha